000 05713nam a2200529 a 4500
001 dia_2609
003 CHAP
005 20250520131510.0
007 ta
008 220117s2003 mx bde frm 001 0 spa d
010 _a173127
040 _cCHAP
_amxchpua
_erda
041 0 _aspa
_beng
090 _aTESIS
_bH842
_c2003
100 1 _aHuerta Hernández, José Roberto
240 1 0 _aDiagnosis and alternative of solution to the problematic of the biscuit bakery Richaud Hermanos, S.A. de C.V.
_lEspañol
245 1 0 _aDiagnóstico y alternativas de solución a la problemática de la Galletera Richaud Hermanos S. A. de C. V. /
_cJosé Roberto Huerta Hernández
264 _aChapingo, México :
_bEl autor,
_c2003
300 _aix, 143 hojas :
_bmapas, gráficas, diagramas, tablas, planos
336 _2rdacontent
_atexto
_btxt
337 _2rdamedia
_ano mediado
_bn
338 _2rdacarrier
_avolumen
_bnc
500 _aEl plano está incluido en el reporte
502 _aTesis
_b(Ingeniero Agroindustrial) --
_cUACh. Departamento de Ingeniería Agroindustrial,
_d2003
504 _aBibliografía: hojas 130-132
505 0 _a1 plano: -- 1. Plano actual de la empresa
520 3 _aDebido a la inestabilidad gerencial que se presenta constantemente en las empresas agroalimentarias, no siendo la excepción la Galletera Richaud Hermanos, S. A. de C.V. es necesario que la gerencia de esta empresa tenga presente las situaciones adversas que afectan su eficiencia total., por tal motivo, el presente estudio consistió en aplicar la técnica Análisis Factorial que propone el Banco de México, el cual se rige por el mínimo de Liebeg: "una operación desarrollada poco eficientemente limita la eficiencia global de la empresa". El estudio consistió en realizar un diagnóstico de la galletera Richaud Hermanos S.A. de C.V. con el fin de conocer y detectar las causas de ineficiencia. Una vez realizado el diagnóstico, se identificó el factor de operación que afecta más al éxito de la empresa. Encontrando que fue "Los medios de producción", y se proponen alternativas de solución como son: un cambio total de la empresa o invertir parte de las ganancias para lograr mejoras, con el fin de superar la problemática que limita la potencialidad de la empresa. Además, se pretende que el presente diagnóstico permita a la gerencia de la galletera, con mas tradición en el sur de México, conozca su situación actual y las deficiencias internas y externas que no le permiten tener una mayor competitividad con las demás empresas galleteras, pero, sobre todo, que se dé la continuidad a las políticas gerenciales para que n0 haya retroceso, pero si avances generales de toda la empresa. Una vez conocida la situación actual de la Galletera Richaud Hermanos S.A de C.V. se retomó para generar estrategias alternativas de solución las Cuales se realizaron mediante el uso de la matriz DAFO (debilidades, amenazas, fortalezas y oportunidades); encontrándose estrategias: sobrevivencia, defensivas, adaptativas y ofensivas que se proponen para que la empresa pueda ser más Competitiva en Comparación con otros grupos galleteros importantes del sureste mexicano. --
520 3 _aThe management instability in the agro-alimetary companies is a constant. Biscuit bakery Richaud Hermanos, S.A. de C.V. is the exXception; therefore, it is necessary management recognize the adverse situation that affect total efficiency of the company. By this reason, the present study applied the technic of factorial analysis proposed by the Bank of Mexico. The technic has the maxim of Liebeg, which says One little operation developed with litle efficiency limits the global efficiency of the company". This study diagnosted the company to identify the main restricting factors of everyday operation at the biscuit baker Richaud Hermanos, S.A. de C.V. Under this scenario it was found that " means of production" with the technic used it was the most important cause of inefficiency in the operation of the company. An alternative to overcome this problem is a total change of the company or invest part of the company profit to improve the infraestructure. In adition, this diagnostic ailows biscuit bakery -management with the longest tradition in southern Mexico- to know its present situation and internal and external factors that limit its competitivity with other biscuit bakery companies. The advance of the company is expected. Once the present situation of the biscuit bakery Richaud Hermanos, S.A de C. V. it was taken again to generate alternatives solution strategies of the use of the SWOT matrix (streggths, weakness, opportunities and threats) the next strategies found: survival, defensive, adaptative and offensive, and they are proposed so that the company can be competitive with other groups biscuit bakery important in southern Mexico.
650 1 7 _aGalletas
_2atg
650 1 3 _aBizcochos (salados)
_2atg
650 1 3 _aIndustria panadera
_2atg
_xAnálisis factorial
_zMéxico
650 1 3 _aIndustria panadera
_2atg
_xCompetencia de mercado
650 1 3 _aCookies
_2atg
650 1 3 _aBiscuits
_2atg
650 1 3 _aBakery industry
_xFactor analysis
_zMexico
650 1 3 _aBakery industry
_xMarket competition
700 1 _aBuendía González, María Ofelia
_edirectora
700 1 _aPonce Hernández, Pedro
_easesor
700 1 _aSalazar Zazueta, Alfredo
_easesor
856 4 1 _uhttp://10.13.5.2/tesis/99235.pdf
_yDESCARGAR PDF
901 _aTESIS H842 2003
902 _aM
905 _a0000002003 mx 0000000000spa00
942 _cTESIS
_2Clasificación Universidad Autónoma Chapingo
999 _c173127
_d173127